MARC

LEADER 00000nam0a2200000 4500
001 301715
005 20231102001429.0
020 |a RU  |b 83-15894 
035 |a (RuTPU)RU\TPU\book\326891 
090 |a 301715 
100 |a 20150812d1983 km y0rusy5003 ca 
101 0 |a rus 
102 |a UA 
105 |a y z 001zy 
200 1 |a Женский труд: социально-экономические проблемы  |f И. В. Багрова 
210 |a Киев  |c Вища школа  |d 1983 
215 |a 152 с. 
320 |a Библиогр.: с. 140-150 
606 1 |a Женский труд в СССР  |2 stltpush  |3 (RuTPU)RU\TPU\subj\10805  |9 37829 
610 1 |a социальные проблемы 
610 1 |a экономические проблемы 
610 1 |a женщины 
610 1 |a социальная структура 
610 1 |a развитой социализм 
610 1 |a занятость 
610 1 |a социальная роль 
610 1 |a использование 
610 1 |a свободное время 
610 1 |a трудовые ресурсы 
610 1 |a учет 
610 1 |a планирование 
610 1 |a резервы 
686 |a У9(2)249.2  |2 rubbk 
700 1 |a Багрова  |b И. В.  |g Инна Васильевна  |4 070 
801 0 |a RU  |b RuMRKP  |c 19950704  |g psbo 
801 1 |a RU  |b 63413507  |c 20150812 
801 2 |a RU  |b 63413507  |c 20190227  |g RCR 
942 |c BK